Visual Basic Programming for Begineers (Record no. 26194)

MARC details
000 -LEADER
fixed length control field 00408nam a2200169Ia 4500
008 - FIXED-LENGTH DATA ELEMENTS--GENERAL INFORMATION
fixed length control field 230524s9999 xx 000 0 und d
020 ## - INTERNATIONAL STANDARD BOOK NUMBER
ISBN 8188429112
082 ## - DEWEY DECIMAL CLASSIFICATION NUMBER
Classification number 4
Item number VAR
100 ## - MAIN ENTRY--AUTHOR NAME
Personal name PVN Varalaxmi
245 #0 - TITLE STATEMENT
Title Visual Basic Programming for Begineers
250 ## - EDITION STATEMENT
Edition statement 1ST
260 ## - PUBLICATION, DISTRIBUTION, ETC. (IMPRINT)
Place of publication NEW DELHI
Name of publisher Scitech
Year of publication 2003
300 ## - PHYSICAL DESCRIPTION
Number of Pages VIII;106
500 ## - GENERAL NOTE
General note Quantity Number: 1
650 ## - SUBJECT ADDED ENTRY--TOPICAL TERM
Topical Term Comp-Sc
942 ## - ADDED ENTRY ELEMENTS (KOHA)
Koha item type Books
Holdings
Lost status Damaged status Permanent Location Current Location Shelving location Date acquired Full call number Accession Number Koha item type
    Central Library, Trident Academy of Technology Central Library, Trident Academy of Technology General Stacks 05/24/2023 004 VAR 2017 Books
Trident Academy of Technology © 2023.
All rights reserved.                                                                                                                                                                                                        Designed by Team of Central Library .

Powered by Koha